000 00494pab a2200169 454500
008 180718b2011 xxu||||| |||| 00| 0 eng d
100 _aRavichandran, S.L.
245 _aEmpowering the solar energy with latest techniques and design of microcontroller based boost converter
260 _c2011
300 _ap.127-129.
362 _aJan-Jun
650 _aSolar energy
700 _aSengodan, V.
773 _aSouth Asian Journal of Socio-Political Studies
908 _aN
909 _a92094
999 _c92094
_d92094